Online Catalogue and eLibrary

Politics, Feminism and the Reformation of Gender (Record no. 1558)

MARC details
000 -LEADER
fixed length control field 00488nam a2200193Ia 4500
005 - DATE AND TIME OF LATEST TRANSACTION
control field 20250108060358.0
008 - FIXED-LENGTH DATA ELEMENTS--GENERAL INFORMATION
fixed length control field 240331s9999 xx 000 0 und d
020 ## - INTERNATIONAL STANDARD BOOK NUMBER
ISBN 0415016983
082 ## - DDC Classification
Item Number - Author Mark JEN
DDC Edition Number 3618
Class No. 305.3
100 ## - MAIN ENTRY--PERSONAL NAME
Personal name Chapman, J
245 #0 - TITLE STATEMENT
Title Politics, Feminism and the Reformation of Gender
260 ## - PUBLICATION, DISTRIBUTION, ETC.
Place of publication, distribution, etc. London
Name of publisher, distributor, etc. Routledge
Date of publication, distribution, etc. 1993
260 ## - PUBLICATION, DISTRIBUTION, ETC.
Place of publication, distribution, etc. New York
Name of publisher, distributor, etc. Routledge
Date of publication, distribution, etc. 1993
300 ## - PHYSICAL DESCRIPTION
Extent (e.g. Volumes, Pages etc.) xx, 315 p.,
650 ## - SUBJECT ADDED ENTRY--TOPICAL TERM
Topical term or geographic name entry element Gender
650 ## - SUBJECT ADDED ENTRY--TOPICAL TERM
Topical term or geographic name entry element Feminism
650 ## - SUBJECT ADDED ENTRY--TOPICAL TERM
Topical term or geographic name entry element Politics
942 ## - Koha item type (Biblio)
Koha item type Books in Stacks (Lending)
Holdings
Lost status Damaged status Collection code Home library Current library Shelving location Date acquired Full call number Accession Number Item type
    Lending WERC Library WERC Library Social Science Cupboard 03/31/2024 305.3 CHA 3618 Books in Stacks (Lending)

© WERC Library